Quản lý quá trình đào tạo lái xe tại Trường Trung cấp Nghề Giao thông Vận tải Đồng Tháp Luận văn thạc sĩ khoa học giáo dục. Chuyên ngành: Quản lý giáo dục. Mã số: 8.14.01.14

Uloženo v:
Podrobná bibliografie
Hlavní autor: Lê, Quang Trung
Další autoři: Hồ, Văn Thống (Hướng dẫn)
Médium: Souprava Kniha
Jazyk:Vietnamese
Vydáno: Đồng Tháp Đại học Đồng Tháp 2019
Témata:
Tagy: Přidat tag
Žádné tagy, Buďte první, kdo otaguje tento záznam!
Thư viện lưu trữ: Trung tâm Học liệu Lê Vũ Hùng, Trường Đại học Đồng Tháp
LEADER 01246ppm a22002778a 4500
001 00044599
005 20190820090812.0
008 170628s2017 ||||||viesd
041 0 # |a vie 
082 1 4 |b QU105L  |a 373.246 
100 1 # |a Lê, Quang Trung 
245 0 0 |c Lê Quang Trung; Hồ Văn Thống (hướng dẫn)  |a Quản lý quá trình đào tạo lái xe tại Trường Trung cấp Nghề Giao thông Vận tải Đồng Tháp  |b Luận văn thạc sĩ khoa học giáo dục. Chuyên ngành: Quản lý giáo dục. Mã số: 8.14.01.14 
260 # # |a Đồng Tháp  |b Đại học Đồng Tháp  |c 2019 
300 # # |a 104 tr. +phụ lục  |c 30 cm. 
500 # # |a ĐTTS ghi: Bộ giáo dục và đào tạo. Trường Đại học Đồng Tháp 
653 # # |a Giao thông vận tải 
653 # # |a Giáo dục 
653 # # |a Đồng Tháp 
653 # # |a Trung cấp nghề 
653 # # |a Luận văn 
653 # # |a Lái xe 
653 # # |a Quản lý giáo dục 
700 1 # |a Hồ, Văn Thống  |e Hướng dẫn 
852 # # |j LV.0002285  |j LV.0002284 
910 # # |d 20/8/2019 
980 # # |a Trung tâm Học liệu Lê Vũ Hùng, Trường Đại học Đồng Tháp